000 00677nam a2200229Ia 4500
003 OSt
005 20220927104352.0
006 a|||||r|||| 00| 0
007 ta
008 220926b |||||||| |||| 00| 0 eng d
024 _a151452
037 _cReference Collections
040 _aRTL
_cRTL
_beng
041 _2eng
_aeng
082 _a"X9(J571):51.1.N5, J5/UN"
110 _a"Un, Food and Agriculture Organisation"
245 0 _aStabilization of the olive oil market
260 _c1955
700 _a"Un, Food and Agriculture Organisation"
942 _h"X9(J571):51.1.N5, J5/UN"
_cCC
999 _c686987
_d686987